• 首页
  • 本馆介绍
  • 公告通知
  • 最新文献
  • 馆藏检索
  • 电子资源
  • 读者导购
  • 参考咨询
  • 我的图书馆
  • 登录
  • 详细信息显示
  • 放入我的书架
  • 预约/预借图书
  • 作者相关作品
  • 分类相关作品
  • 丛书相关作品
  • 出版社相关作品

书目信息

  • 表格格式
  • 工作单格式
  • 卡片格式
题名:
中国古代寓言选
    
 
作者: ;北京大学中文系古典文献专业 编
分册:  
出版信息: 北京   人民文学出版社  1981.05
页数: 217页
开本: 19cm
丛书名:
单 册:
中图分类: I276.4
科图分类:
主题词: 民间文学--中国
电子资源:
ISBN:
000 00625nam0 2200205 45
001 0305261549
005 20060911112123.07
010    @dCNY0.62
091    @a10019.3138
100    @a20030526d1981 km y0chiy0120 ea
101 0  @achi
105    @a z 000fy
200 1  @a中国古代寓言选@AZhong Guo Gu Dai Yu Yan Xuan@f北京大学中文系古典文献专业编@FBei Jing Da Xue Zhong Wen Xi Gu Dian Wen Xian Zhuan Ye Bian
210    @a北京@c人民文学出版社@d1981.05
215    @a217页@d19cm
606 0  @a民间文学@x中国
690    @aI276.4@v3
711 02 @a北京大学中文系古典文献专业@4编
801    @aCN@bTSTC@c20060911
905    @dI276.4@e18
    
    中国古代寓言选/北京大学中文系古典文献专业编.-北京:人民文学出版社,1981.05
    217页;19cm
    
    
    ISBN :CNY0.62
    
●
相关链接 在E读中查询图书 在五车中查询图书 在当当中查询图书 在豆瓣中查询图书


正题名:中国古代寓言选     索取号:I276.4/18         预约/预借

序号 登录号 条形码 馆藏地/架位号 状态 备注
1 0043519   000037258   第一样本阅览室/ [索取号:I276.4/18] 在馆    
2 0043520   001711687   密集书库/ [索取号:I276.4/18] 在馆    
3 0043525   001923431   密集书库/ [索取号:I276.4/18] 在馆    
4 0043526   001712757   密集书库/ [索取号:I276.4/18] 在馆    
5 0043527   001784153   密集书库/ [索取号:I276.4/18] 在馆    
6 0043528   000037249   第二借阅区/ [索取号:I276.4/18] 在馆    
7 0045321   001708619   密集书库/ [索取号:I276.4/18] 在馆    
8 0045322   001708717   密集书库/ [索取号:I276.4/18] 在馆    
9 0045323   001708691   密集书库/ [索取号:I276.4/18] 在馆    
10 0077019   001711295   密集书库/ [索取号:I276.4/18] 在馆    
11 0077020   001711678   密集书库/ [索取号:I276.4/18] 在馆    
12 0077021   001711632   密集书库/ [索取号:I276.4/18] 在馆    
13 0077022   001711339   密集书库/ [索取号:I276.4/18] 在馆    
14 0077023   001708744   密集书库/ [索取号:I276.4/18] 在馆    
15 0449405   204494056   密集书库/ [索取号:I276.4/18] 在馆    
16 0468067   204680675   密集书库/ [索取号:I276.4/18] 在馆    
17 0468068   204680684   密集书库/ [索取号:I276.4/18] 在馆    
18 0474558   204745589   密集书库/ [索取号:I276.4/18] 在馆    
唐山师范学院图书馆 欢迎您!
大连网信软件有限公司© 版权所有